| 000 | 01162nam a2200361 a 4500 | ||
|---|---|---|---|
| 999 |
_c7549 _d7549 |
||
| 001 | 991030861669706706 | ||
| 003 | OSt | ||
| 005 | 20211216141515.0 | ||
| 008 | 050307s2001 mx |||||| 000 ||spa|c | ||
| 020 | _a9681662903 | ||
| 035 | _a(ES-BaCBU)b32848420-34csuc_network | ||
| 035 | _a(ES-BaCBU).b32848420 | ||
| 035 | _a(ccuc001)b32848420 | ||
| 035 | _a(OCoLC)803797422 | ||
| 040 |
_aES-BaCBU _bcat _cCDMR |
||
| 041 | 0 |
_aspa _afre |
|
| 080 | _a654.17/.19(091) | ||
| 090 |
_aPN1990.5 _b.A5318 2001 |
||
| 100 | 1 |
_aAlbert, Pierre _91088 |
|
| 245 | 1 | 0 |
_aHistoria de la radio y la televisión / _cpor Pierre Albert y André-Jean Tudesq |
| 250 | _a2ª ed. | ||
| 260 |
_aMéxico, D.F. : _bFondo de Cultura Económica, _c2001 |
||
| 300 |
_a169 p.; _c18 cm |
||
| 500 | _aTítol original: Histoire de la radio-télévision | ||
| 650 | 0 | 4 |
_aTelevisió _xHistòria |
| 650 | 0 | 4 |
_aRadiodifusió _xHistòria |
| 700 | 1 |
_aTudesq, André-Jean _94535 |
|
| 830 | 0 |
_aBreviarios del Fondo de Cultura Económica ; _v338 |
|
| 907 |
_a.b32848420 _b25-03-20 _c09-05-08 _d07-03-05 _em _fa _g- _hspa _imx _j0 _k2 |
||
| 908 |
_aUAB _aUPF _aUdL |
||
| 940 | _aUAB | ||
| 942 |
_2udc _cMON |
||